| 000 | 00652nam a2200205Ii 4500 | ||
|---|---|---|---|
| 003 | JO-AjNU | ||
| 008 | 230605s9999||||xx |||||||||||||| ||und|| | ||
| 017 | _a2009/7/2925 | ||
| 040 |
_aJO-AjNU _bara _erda _cJO-AjNU |
||
| 041 | _aara | ||
| 050 | 1 | 4 | _aPQ8098.1 2009 |
| 100 | 3 |
_aسيفنسون، ر.ل, _eauthor _923030 |
|
| 245 | 0 | 0 | _aروبنسن كروزو: قصص للناشئة |
| 264 | 3 | 1 | _aعمان: وزارة الثقافة، 2009 |
| 300 | _a183ص | ||
| 336 |
_atext _btxt _2rdacontent |
||
| 337 |
_aunmediated _bn _2rdamedia |
||
| 338 |
_avolume _bnc _2rdacarrier |
||
| 650 | 4 |
_aالأدب العربي - ترجمة - قصص أطفال _923031 |
|
| 999 |
_aA8268 _c11836 _d11836 |
||